Where's Mickey (Record no. 45768)
[ view plain ]
| 000 -Etiqueta do registo | |
|---|---|
| Valores | 00475nam a2200157 4500 |
| 100 ## - Dados gerais de processamento | |
| Dados gerais | 20260304 pory50 |
| 101 ## - Língua de publicação | |
| Língua | ing |
| 102 ## - País de publicação | |
| País | ING |
| 200 ## - Titulo e menção de responsabilidade | |
| Título próprio | Where's Mickey |
| Informação de outro título | [a search and find activity book] |
| Primeira menção de responsabilidade | Disney |
| -- | written byEmma Drage |
| Outras menções de responsabilidade | designed by Nia Williams |
| -- | il. Maurizio Campidelli, Amy Zing ... [et al.] |
| 210 ## - Publicação | |
| Local de publicação | londres |
| Nome do editor | studio Press |
| Data de publicação | [cop. 2018] |
| 215 ## - Descrição física | |
| Paginação / Volumes | 40 p. |
| Outras indicações físicas | il. |
| 675 ## - CDU | |
| Notação | 087.5 |
| 801 ## - Fonte de origem | |
| País | PT |
| Regras de catalogação | RPC |
| 990 ## - Elementos KOHA | |
| Tipo de documento | Livro |
| Aquisição | Empréstimo | Código de barras | Cota | Permissão de empréstimo | Tipo de documento |
|---|---|---|---|---|---|
| Biblioteca Municipal de Redondo | Biblioteca Municipal de Redondo | 057003 | 087.5 DIS | Livro |